[Event "UKR-ch Men Final 2018"]
[Site "Kiev"]
[Date "2018.12.11"]
[Round "1"]
[White "Kuzubov, Yuriy"]
[Black "Kravtsiv, Martyn"]
[Result "1/2-1/2"]
[WhiteElo "2655"]
[BlackElo "2644"]
[Annotator "TA"]
[PlyCount "155"]
[EventDate "2018.12.11"]
[EventType "tourn"]
[EventCountry "UKR"]
[SourceTitle "playchess.com"]
[Source "ChessBase"]
[SourceQuality "1"]

{[%evp 16,155,11,10,20,21,7,17,18,2,16,10,16,16,31,12,18,6,16,0,13,0,0,0,0,0,0,0,0,0,9,9,12,8,16,9,12,15,10,5,13,9,0,0,0,0,0,0,0,0,10,15,17,0,15,10,8,8,8,9,29,33,33,0,68,68,237,227,367,369,350,351,315,279,279,291,445,239,258,183,250,257,257,227,208,102,29988,103,103,102,123,0,76,76,100,71,59,46,54,0,0,0,0,0,0,0,0,0,0,0,0,0,0,0,0,0,0,0,0,0,0,0,0,0,0,0,0,0,0,0,0,0,0,0,0,0,0,0,0,0,0,0]} 1. d4 Nf6 2. c4 e6 3. Nf3 d5 4. Nc3 Nbd7 5. Qc2 Bb4 6. a3 Bxc3+ 7. Qxc3 O-O 8. Bg5 {E36: Nimzo-Indian: Classical: 4...d5 5 a3} h6 9. Bh4 {LiveBook: 4 Games} c5 10. e3 b6 (10... cxd4 11. Qxd4 Re8 12. Bxf6 Nxf6 13. cxd5 Nxd5 14. Be2 Nf6 15. Qxd8 Rxd8 {½-½ (31) Giri,A (2793)-Anand,V (2762) Moscow 2016}) 11. cxd5 exd5 12. Bd3 Bb7 13. dxc5 $146 ({Predecessor:} 13. g4 g5 14. Nxg5 hxg5 15. Bxg5 {1-0 (53) Mukkattu,P (1676)-Carpinter,B (1860) Auckland 2017}) 13... bxc5 14. O-O Qb6 15. Rfd1 Rfe8 16. Bf5 Ne4 17. Qc2 Ndf6 18. Rac1 g6 19. Bxe4 Nxe4 20. Nd2 Rac8 21. Nxe4 Rxe4 22. Bg3 Qc6 23. f3 Re6 24. Bf2 Qb5 25. a4 Qb4 26. Be1 Qb6 27. Qd2 Kh7 28. Bf2 Qb3 29. Rc3 Qxa4 30. Ra3 Qb5 31. Rxa7 Rb6 32. Ra2 Ra8 (32... Qc4 {looks sharper.} 33. Rda1 Qb3 34. Qc1 g5 35. Qb1+ Kg7) 33. Rxa8 Bxa8 34. Qc1 Bb7 35. Rd2 Ra6 36. h4 h5 37. Rc2 c4 38. Be1 Qa4 39. Kh2 Qa1 (39... Qe8 $1 $11) 40. Qd2 $14 Ra2 $2 (40... Re6 $14) 41. Qb4 $18 Ra4 (41... Ra8 $142 42. Qxb7 Qxe1 43. Qxf7+ (43. Qxa8 Qxh4+ 44. Kg1 Qe1+ {[%mdl 64] Double Attack} 45. Kh2 Qh4+ 46. Kg1 Qe1+ {[%mdl 64] Double Attack} 47. Kh2 Qh4+ $11) 43... Kh6 44. Qf4+ Kh7) 42. Qxb7 {[%mdl 64] Double Attack} Qxe1 43. Qxf7+ {[%mdl 4096] Endgame KQR-KQR} Kh6 44. Qf8+ Kh7 45. Qe7+ Kh6 (45... Kg8 $142 46. Qf6 Ra6 47. Qd8+ (47. Qxa6 Qxh4+ 48. Kg1 Qe1+ {[%mdl 64] Double Attack} 49. Kh2 Qh4+ 50. Kg1 Qe1+ {[%mdl 64] Double Attack} 51. Kh2 Qh4+ $11) 47... Kh7 48. Qe7+ Kg8) 46. e4 (46. g4 $142 hxg4 47. Qg5+ Kh7 48. h5 (48. Qxg4 Ra1 $16) 48... gxf3 49. Qxg6+ Kh8 50. Qf6+ Kh7 51. Qf7+ (51. Qxf3 Qh4+ 52. Qh3 Qxh3+ 53. Kxh3 Kh6 $11) 51... Kh8 52. Qxf3 Qh4+ 53. Qh3 Qxh3+ 54. Kxh3) 46... dxe4 47. fxe4 Ra1 (47... Qf1 {might work better.} 48. Qd8 Ra7) 48. Qf8+ $1 (48. Qg5+ $6 Kh7 $16) 48... Kh7 {[%cal Re1h4] [#]} 49. Qf7+ $1 Kh8 {[%cal Re1h4]} 50. Rf2 (50. Qf6+ $18 {is the precise move to win.} Kh7 51. Rxc4 Qg1+ 52. Kg3 Qe3+ 53. Qf3 Qe1+ 54. Qf2) 50... Qh1+ 51. Kg3 {White threatens Qf8+ and mate.} Qe1 52. Qf4 {aiming for Qh6+.} (52. Qxc4 $6 Qe3+ 53. Rf3 Qe1+ 54. Kh3 Qh1+ 55. Kg3 Qe1+ 56. Kh3 Qh1+ 57. Kg3 Qe1+ $11) 52... Kh7 {[#]} 53. e5 (53. Qc7+ $1 $16 Kh6 54. Qf4+ (54. Qxc4 Qe3+ 55. Rf3 Qe1+ 56. Kh3 Qh1+ 57. Kg3 Qe1+ 58. Kh3 Qh1+ 59. Kg3 Qe1+ $11) 54... Kg7 55. Qf8+ Kh7 56. Qf7+ Kh8 57. Qf8+ (57. Qxc4 Qe3+ 58. Rf3 Qe1+ 59. Kh3 Qh1+ 60. Kg3 Qe1+ 61. Kh3 Qh1+ 62. Kg3 Qe1+ $11) 57... Kh7 58. Qf7+ Kh8) 53... Ra7 (53... Rc1 $1 $11) 54. Qf6 $16 ({Reject} 54. Qxc4 Qe3+ 55. Rf3 Qxe5+ 56. Kh3 Qxb2 $11) 54... c3 {( -> ...cxb2)} 55. bxc3 Qxc3+ 56. Kh2 Qc7 57. Qd6 (57. Qf4 $14) 57... Qc4 $1 $11 {The position is equal.} 58. g3 Rf7 59. Rxf7+ (59. Rd2 {seems wilder.} Qe4 60. Qd4 Qe1 61. Qb2 Rf3 62. Rd7+) 59... Qxf7 {KQ-KQ} 60. Kg2 {Strongly threatening e6.} Kg7 61. Qd4 Qe6 62. Kf2 Kf7 63. Qa7+ Ke8 64. Qb8+ Ke7 65. Ke3 Qd5 66. Qh8 Qc5+ 67. Kf4 Qc1+ 68. Ke4 Qc4+ 69. Ke3 {Qg7+ is the strong threat.} Qc3+ 70. Kf4 Qc1+ 71. Kf3 {Hoping for Qg7+.} Qc3+ 72. Kg2 Qc2+ 73. Kf1 Qc1+ 74. Kg2 {Black must now prevent Qg7+.} Qc6+ 75. Kg1 Qc1+ 76. Kf2 {And now Qg7+ would win.} Qc2+ 77. Kf3 Qc3+ 78. Kg2 {Accuracy: White = 56%, Black = 68%.} 1/2-1/2

[Event "UKR-ch Men Final 2018"]
[Site "Kiev"]
[Date "2018.12.11"]
[Round "1"]
[White "Moiseenko, Alexander"]
[Black "Ponomariov, Ruslan"]
[Result "1/2-1/2"]
[WhiteElo "2640"]
[BlackElo "2663"]
[Annotator "TA"]
[PlyCount "25"]
[EventDate "2018.12.11"]
[EventType "tourn"]
[EventCountry "UKR"]
[SourceTitle "playchess.com"]
[Source "ChessBase"]
[SourceQuality "1"]

{[%evp 14,25,47,60,68,37,100,16,29,28,115,54,58,45]} 1. d4 d6 2. Nf3 g6 3. g3 Bg7 4. Bg2 e5 5. dxe5 dxe5 6. Qxd8+ Kxd8 7. Nc3 c6 {A41: 1 d4 d6: Tartakower System and Modern Defence} (7... f6 8. e4 Be6 9. Be3 Nd7 10. O-O-O Bh6 11. Rhe1 c6 12. Nd2 Bxe3 13. Rxe3 Nh6 14. f3 Kc7 15. Bf1 Rhd8 16. Bc4 Nf8 {½-½ (16) Ikonnikov,V (2527)-Reinderman,D (2584) Dieren 2015}) 8. O-O {LiveBook: 3 Games} Kc7 $146 ({Predecessor:} 8... f6 9. b3 Be6 10. Ba3 Nd7 11. Rad1 Nh6 12. Ne4 Kc7 13. c4 Nf7 14. Rd2 Bf8 15. Bxf8 Rhxf8 {½-½ (66) Eliseev,E (2295)-Czebe,A (2476) Budapest 2017}) 9. Rd1 Bg4 (9... f6 $14) 10. Be3 ({Better is} 10. Ng5 $16 Nh6 11. b4) 10... Bxf3 11. exf3 {aiming for Ne4.} Nf6 (11... Ne7 $11 {remains equal.}) 12. f4 (12. Bf1 $16) 12... Nbd7 $14 13. fxe5 1/2-1/2

[Event "UKR-ch Men Final 2018"]
[Site "Kiev"]
[Date "2018.12.11"]
[Round "1"]
[White "Kovchan, Alexander"]
[Black "Korobov, Anton"]
[Result "1-0"]
[WhiteElo "2575"]
[BlackElo "2698"]
[Annotator "TA"]
[PlyCount "73"]
[EventDate "2018.12.11"]
[EventType "tourn"]
[EventCountry "UKR"]
[SourceTitle "playchess.com"]
[Source "ChessBase"]
[SourceQuality "1"]

{[%evp 12,73,0,0,0,0,24,0,0,-17,-20,-27,0,-8,0,-23,24,16,31,0,26,-22,0,-2,0,0,26,-54,-51,-37,0,0,0,0,7,0,53,49,69,5,5,0,34,0,14,12,22,6,10,14,6,0,26,25,30,9,11,22,47,53,292,332,29993,29994]} 1. Nf3 d5 2. g3 Nf6 3. Bg2 e6 4. d4 b5 5. a4 (5. O-O Be7 6. Nbd2 O-O 7. Ne5 Bb7 8. Nb3 a5 9. a4 b4 10. c4 bxc3 {½-½ (10) Hera,I (2620)-Piorun,K (2633) Brest 2018}) 5... b4 6. c4 {A46: 1 d4 Nf6 2 Nf3 e6: Torre, London and Colle Systems} bxc3 7. Nxc3 {LiveBook: 22 Games} Bb4 8. O-O {The position is equal.} O-O 9. Bf4 a5 10. Rc1 $146 ({Predecessor:} 10. Qc2 Bb7 11. Ne5 Na6 12. Nb5 c5 13. Bg5 Rc8 14. Na7 Rc7 15. Nb5 Rc8 16. Na7 Rc7 17. Nb5 Rc8 {½-½ (17) Hausrath,D (2484)-Fiebig,T (2402) Germany 2013}) 10... c6 11. Ne5 Ba6 12. Na2 Bd6 13. Re1 Qc7 14. Nc3 Qb7 15. e3 Rd8 16. Rc2 h6 17. h4 Bf8 18. g4 Nbd7 19. Nxf7 (19. g5 $11 hxg5 20. hxg5 Nxe5 21. Bxe5) 19... Kxf7 $15 20. g5 Kg8 21. Bh3 Re8 {Hoping for ...Nh7.} 22. gxf6 Nxf6 23. Kh2 c5 (23... Bc4 $11) 24. Rg1 $1 $14 Kh8 25. Be5 (25. dxc5 $14 Rac8 26. Nb5) 25... Nd7 $11 26. Bg3 Rac8 27. Rd2 Nf6 28. Be5 Nd7 29. Bf4 cxd4 30. exd4 Rc6 31. Qh5 Nf6 32. Qg6 Bd6 33. Be5 $1 Rf8 34. f4 $36 {[%mdl 2048] White is pushing.} Qe7 35. Rdg2 {[%cal Rg6g7]} Rf7 $2 {[#]} (35... Rc7 $14) 36. Nxd5 $1 $18 {[%mdl 512]} exd5 $2 {[#]} (36... Bxe5 $18 37. Nxe7 Bxf4+ 38. Kh1 Rxe7) 37. Qxh6+ $1 {[%mdl 512] Accuracy: White = 48%, Black = 42%.} 1-0

[Event "UKR-ch Men Final 2018"]
[Site "Kiev"]
[Date "2018.12.11"]
[Round "1"]
[White "Bogdanovich, Stanislav"]
[Black "Baklan, Vladimir"]
[Result "1/2-1/2"]
[WhiteElo "2537"]
[BlackElo "2608"]
[Annotator "TA"]
[PlyCount "81"]
[EventDate "2018.12.11"]
[EventType "tourn"]
[EventCountry "UKR"]
[SourceTitle "playchess.com"]
[Source "ChessBase"]
[SourceQuality "1"]

{[%evp 24,81,18,18,18,18,16,16,16,16,22,13,13,14,14,14,13,13,12,13,14,14,15,16,15,7,7,6,7,11,15,0,0,0,0,0,0,0,0,0,11,0,0,0,0,0,0,0,0,0,0,0,0,0,0,0,0,0,0,0]} 1. Nf3 Nf6 2. c4 e6 3. Nc3 d5 4. d4 c5 5. cxd5 Nxd5 6. g3 cxd4 7. Nxd5 Qxd5 8. Qxd4 Qb5 {D41: Queen's Gambit Declined: Semi-Tarrasch with 5 cxd5} 9. e4 (9. a3 Nc6 10. Qc3 a5 11. e4 Qc5 12. Bd2 Qxc3 13. Bxc3 f6 14. e5 Bc5 15. Bc4 Ke7 16. O-O {1-0 (45) Ivanchuk,V (2729)-Wei,Y (2739) Medias 2017}) 9... Qb4+ 10. Bd2 Nc6 11. Qxb4 Bxb4 12. Bb5 Bxd2+ 13. Kxd2 {LiveBook: 4 Games. The position is equal.} Bd7 $1 14. Ke3 Ke7 15. Rac1 Rac8 16. Bxc6 Rxc6 17. Ne5 $146 Rxc1 18. Rxc1 $11 {[%mdl 4096] [#] Endgame Strongly threatening Rc7. KRB-KRN} f6 19. Nd3 {Rc7 is the strong threat.} Rc8 20. Rxc8 Bxc8 {KB-KN} 21. e5 b6 22. Kd4 Bb7 23. Nb4 Bf3 24. a3 Kd7 25. Nc2 Bd1 26. Ne3 Be2 27. Ke4 f5+ 28. Kd4 g5 29. Nc2 Bd1 30. Nb4 Bb3 31. Nd3 Kc6 32. Nc1 Bd1 33. Na2 Bb3 34. Nc1 Bd1 35. Na2 Bb3 36. Nc3 h6 37. h3 a6 38. Nb1 a5 39. Nd2 Bd5 40. Nb1 Bb3 41. Nd2 {Precision: White = 81%, Black = 90%.} 1/2-1/2

[Event "UKR-ch Men Final 2018"]
[Site "Kiev"]
[Date "2018.12.12"]
[Round "2"]
[White "Ponomariov, Ruslan"]
[Black "Kovchan, Alexander"]
[Result "1/2-1/2"]
[WhiteElo "2663"]
[BlackElo "2575"]
[Annotator "TA"]
[PlyCount "35"]
[EventDate "2018.12.11"]
[EventType "tourn"]
[EventCountry "UKR"]
[SourceTitle "playchess.com"]
[Source "ChessBase"]
[SourceQuality "1"]

{[%evp 15,35,21,21,-3,21,16,12,15,12,-13,-20,-33,-25,-25,-9,-5,-14,-29,-31,-34,0,0]} 1. e4 c5 2. Nf3 d6 3. d4 cxd4 4. Nxd4 Nf6 5. Nc3 a6 6. Be2 e5 7. Nb3 Be7 8. Be3 Be6 {LiveBook: 930 Games} 9. h4 {B92: Sicilian Najdorf: 6 Be2} Nbd7 $146 ({Predecessor:} 9... h5 10. Nd5 Bxd5 11. exd5 Nbd7 12. c4 g6 13. g3 b6 14. Nd2 a5 15. f4 Qc8 16. O-O Nc5 {1-0 (27) So,W (2776)-Bosiocic,M (2600) Batumi 2018}) 10. g4 h6 11. Rg1 Nh7 12. h5 Rc8 13. Qd2 O-O 14. O-O-O b5 15. Kb1 Nb6 16. f4 exf4 17. Bxf4 Ng5 18. Bxg5 {Accuracy: White = 68%, Black = 59%.} 1/2-1/2

[Event "UKR-ch Men Final 2018"]
[Site "Kiev"]
[Date "2018.12.12"]
[Round "2"]
[White "Kravtsiv, Martyn"]
[Black "Moiseenko, Alexander"]
[Result "0-1"]
[WhiteElo "2644"]
[BlackElo "2640"]
[Annotator "TA"]
[PlyCount "72"]
[EventDate "2018.12.11"]
[EventType "tourn"]
[EventCountry "UKR"]
[SourceTitle "playchess.com"]
[Source "ChessBase"]
[SourceQuality "1"]

{[%evp 18,72,0,0,20,12,27,27,55,29,27,18,18,0,0,0,0,0,0,0,32,23,35,0,0,0,0,0,0,0,0,0,0,0,0,0,0,0,0,-11,-10,-27,0,-74,-74,-137,-130,-263,-263,-248,-240,-747,-736,-704,-652,-726,-710]} 1. d4 Nf6 2. c4 e6 3. Nc3 Bb4 4. f3 c5 5. d5 b5 6. e4 {E20: Nimzo-Indian: 4 g3 and 4 f3} d6 (6... O-O 7. e5 Ne8 8. f4 exd5 9. cxd5 d6 10. Nf3 c4 11. a4 Nd7 12. Be2 Qb6 13. axb5 dxe5 14. fxe5 {½-½ (54) Mamedyarov,S (2791)-Harikrishna,P (2733) Antalya 2017}) 7. Nge2 bxc4 8. Nf4 Bxc3+ 9. bxc3 e5 10. Ne2 $1 {LiveBook: 4 Games} Nh5 $146 ({Predecessor:} 10... Qa5 11. h4 Nbd7 12. h5 h6 13. g3 Nb6 {½-½ (59) Volkov,S (2614)-Bartel,M (2627) Dubai 2015}) 11. h4 Nd7 12. g4 Qf6 13. Kf2 Nf4 14. Nxf4 exf4 15. Qd2 h6 16. Bxc4 Ne5 17. Be2 g5 18. Rb1 Kf8 19. c4 Kg7 20. hxg5 hxg5 21. Rxh8 Kxh8 22. Bb2 Kg7 23. Bxe5 (23. Rh1 {is interesting.} Bd7 24. Bc3 Rb8 25. Qe1 Kg6 26. Qa1) 23... Qxe5 24. Qb2 Qxb2 25. Rxb2 $11 {[%mdl 4096] Endgame KRB-KRB} Kf6 26. Ke1 Ke5 27. Kd2 Kd4 28. Rb3 Bd7 29. Ra3 a5 30. Rb3 {[#]} (30. Rd3+ $1 $11 {remains equal.} Kxc4 31. Kc2) 30... Rh8 $1 $17 31. Rb7 (31. Rb6 $142) 31... Ba4 32. Rb1 (32. e5 $17 dxe5 33. Rxf7) 32... Rh2 $19 33. Rc1 f6 34. Ke1 $2 {[#]} (34. Re1) 34... Rh1+ {Black is clearly winning.} 35. Bf1 Rh8 36. Be2 Rb8 {Precision: White = 48%, Black = 79%.} 0-1

[Event "UKR-ch Men Final 2018"]
[Site "Kiev"]
[Date "2018.12.12"]
[Round "2"]
[White "Baklan, Vladimir"]
[Black "Korobov, Anton"]
[Result "1/2-1/2"]
[WhiteElo "2608"]
[BlackElo "2698"]
[Annotator "TA"]
[PlyCount "41"]
[EventDate "2018.12.11"]
[EventType "tourn"]
[EventCountry "UKR"]
[SourceTitle "playchess.com"]
[Source "ChessBase"]
[SourceQuality "1"]

{[%evp 25,26,12,38]} 1. e4 c5 2. Nf3 d6 3. d4 cxd4 4. Nxd4 Nf6 5. Nc3 a6 6. Be3 e5 7. Nf3 Qc7 8. Be2 Be7 9. O-O O-O 10. a4 Nbd7 11. Nd2 Nc5 12. a5 Be6 13. Bf3 Rac8 {[#] LiveBook: 5 Games. B90: Sicilian Najdorf: Unusual White 6th moves, 6 Be3 Ng4 and 6 Be3 e5} {Predecessor:} 14. Qe2 $146 Rfe8 15. Rfd1 h6 16. Nf1 Bf8 17. h3 Ncd7 18. Qe1 Qb8 19. Bc1 Rc6 20. Ne3 Qd8 21. b3 {0-1 (47) McShane,L (2696)-Papaioannou,I (2639) Warsaw 2013} 1/2-1/2

[Event "UKR-ch Men Final 2018"]
[Site "Kiev"]
[Date "2018.12.12"]
[Round "2"]
[White "Bernadskiy, Vitaliy"]
[Black "Kuzubov, Yuriy"]
[Result "1/2-1/2"]
[WhiteElo "2547"]
[BlackElo "2655"]
[Annotator "TA"]
[PlyCount "145"]
[EventDate "2018.12.11"]
[EventType "tourn"]
[EventCountry "UKR"]
[SourceTitle "playchess.com"]
[Source "ChessBase"]
[SourceQuality "1"]

{[%evp 18,145,17,19,31,26,31,17,14,12,12,12,15,12,12,12,12,9,14,10,12,15,7,0,6,0,6,0,0,0,31,2,8,8,10,13,0,0,8,6,66,68,57,0,0,0,0,0,-7,-56,-53,-55,-54,-53,-56,-56,-54,-54,-50,-57,-51,-50,-54,-77,-71,-50,-8,-28,-35,-41,-39,-52,-10,-10,-10,-13,-17,-41,-8,-8,-8,-8,-8,-8,-8,-8,-8,-8,-8,-8,-8,-8,-8,-8,0,0,0,0,0,-8,-8,-8,-8,-8,-8,-8,-8,-8,-8,-8,-8,-8,-8,-8,0,-8,-8,-8,0,0,0,-8,0,-8,0,0,0,0,0,0]} 1. e4 e5 2. Nf3 Nf6 3. Nxe5 d6 4. Nf3 Nxe4 5. d4 d5 6. Bd3 Be7 7. O-O Bf5 8. c4 dxc4 {C42: Petroff Defence: 3 Nxe5 and unusual White 3rd moves} 9. Bxc4 O-O 10. Re1 {LiveBook: 8 Games} Nd6 11. Bd5 Na6 {[%cal Bb8a6,Ba6b4,Bb4d3][%mdl 32]} 12. Nc3 Nb4 {Black wants to play ...Nc2.} 13. Bb3 Nd3 14. Re2 Nxc1 15. Qxc1 {[#]} Bg4 $146 ({Predecessor:} 15... c6 16. Qf4 {1-0 (91) Grischuk,A (2766)-Duda,J (2737) chess.com INT 2018}) 16. Nd5 Bg5 17. Qxc7 Qxc7 18. Nxc7 Rad8 19. Nd5 Nf5 20. Re4 Bxf3 $1 21. gxf3 Rd6 22. Rd1 Rfd8 23. f4 Bf6 24. Rde1 {[#] White wants to mate with Re8+.} g6 25. Nxf6+ Rxf6 26. Re8+ Rxe8 27. Rxe8+ $11 {[%mdl 4096] Endgame KRB-KRN} Kg7 28. Rd8 Rd6 (28... Nh4 $11) 29. Rxd6 $14 Nxd6 {KB-KN} 30. f3 (30. Kg2 $14) 30... Nf5 $11 31. d5 Kf6 32. Bc2 Nd4 33. Be4 Ne2+ $1 34. Kf2 Nxf4 35. Ke3 Ke5 36. d6 $1 b6 $1 37. d7 Ne6 38. Bd3 Kd6 39. Bb5 Ke7 40. Ke4 a6 41. Bf1 Nc5+ 42. Kf4 f6 43. b4 Ne6+ 44. Ke4 Nc7 ({Reject} 44... Kxd7 $6 45. Bxa6 Kd6 46. a4 $14) (44... b5 {feels hotter.} 45. d8=R Kxd8 46. Kd5 Kd7 47. Bh3 f5) 45. Bh3 $1 f5+ 46. Ke5 Kxd7 47. f4 Ne6 48. Bf1 {The position is equal.} a5 49. bxa5 bxa5 50. Bc4 Nc5 51. Kf6 Ne4+ 52. Kg7 Ke7 53. Bg8 $1 {[%cal Rg8h7]} g5 54. Bxh7 gxf4 55. Bxf5 Ng5 56. Bd3 Nf3 57. h3 $1 Ke6 {Strongly threatening ...Ne1.} 58. Be2 Nh4 {White must now prevent ...f3.} 59. Kh6 f3 60. Bd3 $1 f2 {Hoping for ...Kf6.} 61. Kg5 $132 {[%mdl 2048] White is not keeping still} Nf3+ 62. Kf4 Nd2 63. h4 {[%cal Bh3h4,Bh4h5][%mdl 32]} f1=Q+ 64. Bxf1 Nxf1 {KN-KPP} 65. h5 Nd2 66. h6 Kf6 67. Ke3 Nb1 (67... Nc4+ {with more complications.} 68. Kd4 Nb2 69. Kc3 Na4+ 70. Kc4 Kg6) 68. Kd4 Kg6 69. Kc4 Kxh6 70. Kb5 {[#]} a4 $1 {[%mdl 64] Decoy} 71. Kxa4 Nc3+ 72. Kb3 Nxa2 73. Kxa2 {Accuracy: White = 70%, Black = 61%.} 1/2-1/2

[Event "UKR-ch Men Final 2018"]
[Site "Kiev"]
[Date "2018.12.13"]
[Round "3"]
[White "Korobov, Anton"]
[Black "Ponomariov, Ruslan"]
[Result "1-0"]
[WhiteElo "2698"]
[BlackElo "2663"]
[Annotator "TA"]
[PlyCount "69"]
[EventDate "2018.12.11"]
[EventType "tourn"]
[EventCountry "UKR"]
[SourceTitle "playchess.com"]
[Source "ChessBase"]
[SourceQuality "1"]

{[%evp 13,69,14,8,0,0,0,54,52,126,129,264,237,240,240,364,372,354,359,346,377,575,425,402,393,476,456,737,726,674,700,661,643,870,865,816,764,1308,418,387,443,5739,5635,5365,5347,6052,6057,29984,29985,29981,639,797,916,909,908,876,814,803,638]} 1. d4 {[%cal Bd2d4,Bd4d5][%mdl 32]} d5 2. c4 dxc4 3. e4 Nc6 4. Nf3 Nf6 5. Nc3 Bg4 6. d5 Ne5 7. Bf4 {D07: Queen's Gambit: Chigorin Defence} Nfd7 {LiveBook: 14 Games} 8. Qa4 (8. Bxe5 Nxe5 9. Bxc4 Nxc4 10. Qa4+ c6 11. Qxc4 cxd5 12. Qb5+ Bd7 13. Qxb7 Qb8 14. Qxd5 e6 {0-1 (34) Bluebaum,M (2633)-Naiditsch,A (2663) Drancy 2016}) 8... Nxf3+ 9. gxf3 {The position is equal.} Bxf3 (9... e5 $1 $11 10. dxe6 (10. fxg4 exf4 11. O-O-O a6 $15) 10... Bxe6) 10. Rg1 $14 a6 $146 ({Black should try} 10... Bh5 $14) ({Predecessor:} 10... c6 11. dxc6 bxc6 12. Rg3 Bh5 13. Qxc6 Qb6 14. Qxa8+ Qd8 15. Qxa7 e5 16. Be3 Bb4 17. a3 Be7 18. Rxg7 Bf6 19. Rg1 {1-0 (19) Mueller,H-Haluschka,R DESC email 2005}) 11. Qxc4 $16 g6 (11... Rc8 $16 {was called for.}) 12. Rg3 $18 (12. Bxc7 Nb6 $16) ({Inferior is} 12. Qxc7 Qxc7 13. Bxc7 Bg7 $15) 12... Bh5 13. Bxc7 Qc8 {[#]} (13... Rc8 {was necessary.}) 14. d6 $1 {[%mdl 512]} e6 (14... exd6 15. Nd5) 15. Qd4 Rg8 16. e5 {[%cal Be4e5,Be5f6][%mdl 32]} Bh6 (16... Be7 $142 17. Ne2 Bxe2) 17. Be2 Bxe2 18. Kxe2 ({Less strong is} 18. Nxe2 b5 $18) 18... g5 19. h4 g4 (19... Rg6 $142 20. hxg5 Bg7) 20. Rag1 {[%cal Ba1g1,Bg1g4,Bg4h4][%mdl 32]} f5 21. exf6 Kf7 22. Ne4 b6 23. Rxg4 Rxg4 24. Rxg4 Qb7 25. Ng5+ (25. Qd3 $142 {Intending Ng5+ and mate.} Rh8 26. Rg7+ $1 {[%mdl 576] Decoy} Bxg7 27. fxg7 Kxg7 28. Qg3+ Kf8 29. Qf3+ Kg7 30. Qg4+ Kf8 31. Qxe6) 25... Bxg5 26. hxg5 ({Not} 26. Rxg5 Nxf6 27. Bxb6 Qe4+ 28. Qe3 Qc2+ 29. Kf1 Qb1+ 30. Kg2 Qe4+ 31. Qxe4 Nxe4 $18) 26... Qh1 {[#]} (26... Qc6 $142 27. Qd3 Qb5 28. Qxb5 axb5) 27. g6+ $1 hxg6 28. Rh4 Qc6 29. Rh7+ Kg8 30. Rg7+ {[%mdl 64] Double Attack} Kf8 31. Kd2 (31. Qh4 $142 Qb5+ 32. Ke1 Qa5+ 33. Kf1 Qb5+ 34. Kg1 Qh5 35. Qxh5 gxh5 36. Rxd7) 31... Qb5 {[#]White is clearly winning.} 32. Rxd7 $1 {[%mdl 512]} Qxd7 {[#]} 33. Qh4 $1 {[%cal Rh4h8] Threatening mate with Qh8+.} Kg8 34. Qe4 Qe8 35. Qd3 {Accuracy: White = 80%, Black = 32%.} 1-0

[Event "UKR-ch Men Final 2018"]
[Site "Kiev"]
[Date "2018.12.13"]
[Round "3"]
[White "Kuzubov, Yuriy"]
[Black "Bogdanovich, Stanislav"]
[Result "1-0"]
[WhiteElo "2655"]
[BlackElo "2537"]
[Annotator "TA"]
[PlyCount "51"]
[EventDate "2018.12.11"]
[EventType "tourn"]
[EventCountry "UKR"]
[SourceTitle "playchess.com"]
[Source "ChessBase"]
[SourceQuality "1"]

{[%evp 16,51,0,27,68,74,110,91,79,73,93,106,102,108,100,108,85,103,91,35,122,134,204,89,197,192,190,190,262,266,323,239,295,299,1096,1060,893,859]} 1. c4 e6 2. d4 Nf6 3. Nf3 d5 4. Nc3 dxc4 5. e4 Bb4 6. Bg5 c5 7. e5 cxd4 8. Qa4+ Nc6 9. O-O-O {LiveBook: 128 Games} Qa5 {[#] ...Qxa4 is the strong threat. D39: Queen's Gambit Declined: Ragozin Defence with 5 Bg5 dxc4} (9... Bd7 10. Ne4 Be7 11. exf6 gxf6 12. Bh4 O-O 13. Bxc4 Rc8 14. Kb1 e5 15. Rc1 f5 16. Nc5 Be8 17. Nxb7 Qd7 18. Bxe7 Qxe7 19. Na5 e4 20. Bb5 exf3 21. gxf3 {1-0 (21) Ivanchuk,V (2714)-Palac,M (2548) Zagreb 2018}) 10. exf6 Bxc3 11. fxg7 Rg8 {White is better.} 12. Qxc4 Rxg7 $146 ({Predecessor:} 12... Bd7 13. bxc3 Rc8 14. Kb1 dxc3 15. Rxd7 Kxd7 16. Bd3 Rxg7 17. h4 b5 18. Qc5 a6 19. Ne5+ {1-0 (19) Bao,K (2237)-Vu,Q (1940) Hanoi 2014}) 13. bxc3 {Hoping for Bd2.} Rxg5 14. Nxg5 Qxg5+ 15. Kb2 Bd7 16. cxd4 Rc8 17. Be2 (17. Qc5 $16 Qg6 18. Qc2) 17... a5 (17... Ne7 $14 18. Qb3 Qxg2) 18. Qc5 $16 Qg6 (18... Qf4 $16) 19. Bd3 (19. Bb5 $18 {is more deadly.}) 19... Qf6 (19... Qxg2 $16 {was necessary.} 20. Ka1 (20. Bxh7 Qxf2+ 21. Ka1 b6 $11) 20... Nb4 21. Qxa5 Nd5) 20. Bb5 $18 ({Resist} 20. Bxh7 b6 $16) 20... Qxf2+ 21. Ka1 b6 (21... Qf6 {was called for.} 22. Rhf1 Qe7) 22. Qd6 Qf5 23. a4 Nb8 24. Rhf1 ({Don't play} 24. Qxb6 $6 Bxb5 25. Qxb5+ (25. axb5 Nd7 $16) 25... Qxb5 $16) 24... Qg5 $2 (24... Qc2) 25. Bxd7+ Nxd7 {[#]} 26. Rxf7 $1 {[%mdl 512] Precision: White = 65%, Black = 17%.} 1-0